Основы современной энергетики. Т. 1: Современная теплоэнергетика (Запись № 10941356)
[ простой вид ]
| 000 -МАРКЕР | |
|---|---|
| контрольное поле | 02490nam2a2200349 4500 |
| 001 - ИДЕНТИФИКАТОР ЗАПИСИ | |
| контрольное поле | RU\NLR\BIBL_A\011294435 |
| 005 - ИДЕНТИФИКАТОР ВЕРСИИ | |
| контрольное поле | 20170116152216.0 |
| 010 ## - МЕЖДУНАРОДНЫЙ СТАНДАРТНЫЙ НОМЕР КНИГИ (ISBN) | |
| Номер (ISBN) | 978-5-383-01043-3 |
| Уточнения | т.1 |
| 010 ## - МЕЖДУНАРОДНЫЙ СТАНДАРТНЫЙ НОМЕР КНИГИ (ISBN) | |
| Номер (ISBN) | 978-5-383-01042-6 |
| 021 ## - НОМЕР ГОСУДАРСТВЕННОЙ РЕГИСТРАЦИИ | |
| Код страны | Российская Федерация |
| Номер | 2016-92692 |
| Номер Листа государственной регистраци | 6128 |
| 035 ## - ДРУГИЕ СИСТЕМНЫЕ НОМЕРА | |
| Идентификатор записи | (NLR Aleph) 011294435 |
| 100 ## - ДАННЫЕ ОБЩЕЙ ОБРАБОТКИ | |
| Данные общей обработки | 20161219d2016 u y0rusy50 ca |
| 101 0# - ЯЗЫК РЕСУРСА | |
| Язык текста, звукозаписи и т.д. | русский |
| 102 ## - СТРАНА ПУБЛИКАЦИИ ИЛИ ПРОИЗВОДСТВА | |
| Страна публикации | Российская Федерация |
| 105 ## - ПОЛЕ КОДИРОВАННЫХ ДАННЫХ: ТЕКСТОВЫЕ МАТЕРИАЛЫ, МОНОГРАФИЧЕСКИЕ | |
| Кодированные данные о монографическом текстовом документе | a|||j|||000yy |
| 200 1# - ЗАГЛАВИЕ И СВЕДЕНИЯ ОБ ОТВЕТСТВЕННОСТИ | |
| Основное заглавие | Современная теплоэнергетика |
| Первые сведения об ответственности | [А.Д. Трухний, М.А. Изюмов, О.А. Пивоваров, С.П. Малышенко] |
| Последующие сведения об ответственности | под ред. проф. А.Д. Трухния |
| 210 ## - ПУБЛИКАЦИЯ, РАСПРОСТРАНЕНИЕ И ДР. | |
| Дата издания, распространения и т.д. | 2016 |
| 215 ## - ФИЗИЧЕСКАЯ ХАРАКТЕРИСТИКА | |
| Специфическое обозначение материала и объем | 510, [1] с. |
| Другие сведения о физической характеристике | ил., цв. ил. |
| 320 ## - ПРИМЕЧАНИЯ О НАЛИЧИИ В ДОКУМЕНТЕ БИБЛИОГРАФИИ / УКАЗАТЕЛЯ | |
| Текст примечания | Библиогр. в конце гл. |
| 461 #1 - УРОВЕНЬ НАБОРА | |
| Встроенное поле | 001RU\NLR\BIBL_A\011307032 |
| -- | 2001#$aОсновы современной энергетики$eучебник для студентов высших учебных заведений, обучающихся по направлениям подготовки "Теплоэнергетика", "Электроэнергетика", "Энергомашиностроение"$e[в 2 т.]$vТ. 1 |
| Системный номер (АБИС) связанной записи | 11001773 |
| Место публикации | Москва |
| Дата публикации | 2016 |
| Издание | 6-е изд., перераб. и доп. |
| Первые сведения об ответственности | под общ. ред. чл.-кор. РАН Е.В. Аметистова |
| Имя издателя, распространителя и т.д. | Издательский дом МЭИ |
| Сведения, относящиеся к заглавию | учебник для студентов высших учебных заведений, обучающихся по направлениям подготовки "Теплоэнергетика", "Электроэнергетика", "Энергомашиностроение" : [в 2 т.] |
| Заглавие | Основы современной энергетики |
| ISBN | 9785383010426 |
| Номер тома | Т. 1 |
| 606 1# - НАИМЕНОВАНИЕ ТЕМЫ КАК ПРЕДМЕТ | |
| Наименование темы | Теплоэнергетика |
| Формальный подзаголовок | Учебники для высших учебных заведений |
| Системный номер авторитетной/нормативной записи | 2153621 |
| Идентификатор авторитетной/нормативной записи | RU\NLR\auth\661296688 |
| 686 1# - ИНДЕКСЫ ДРУГИХ КЛАССИФИКАЦИЙ | |
| Индекс | З3я73-1 |
| 701 #1 - ИМЯ ЛИЦА - АЛЬТЕРНАТИВНАЯ ОТВЕТСТВЕННОСТЬ | |
| Графика поля | Кириллица |
| Материалы, к которым относится поле | rus |
| Начальный элемент ввода | Трухний |
| Часть имени, кроме начального элемента ввода | А. Д. |
| Даты | 1938- |
| Расширение инициалов личного имени | Алексей Данилович |
| Системный номер авторитетной/нормативной записи | 47549 |
| Идентификатор авторитетной/нормативной записи | RU\NLR\AUTH\7764620 |
| 701 #1 - ИМЯ ЛИЦА - АЛЬТЕРНАТИВНАЯ ОТВЕТСТВЕННОСТЬ | |
| Графика поля | Кириллица |
| Материалы, к которым относится поле | rus |
| Начальный элемент ввода | Изюмов |
| Часть имени, кроме начального элемента ввода | М. А. |
| Дополнения к именам, кроме дат | канд. техн. наук, теплоэнергетика |
| Расширение инициалов личного имени | Михаил Александрович |
| Системный номер авторитетной/нормативной записи | 2710968 |
| Идентификатор авторитетной/нормативной записи | RU\NLR\AUTH\770294207 |
| 701 #1 - ИМЯ ЛИЦА - АЛЬТЕРНАТИВНАЯ ОТВЕТСТВЕННОСТЬ | |
| Начальный элемент ввода | Поваров |
| Часть имени, кроме начального элемента ввода | О. А. |
| Расширение инициалов личного имени | Олег Алексеевич |
| 701 #1 - ИМЯ ЛИЦА - АЛЬТЕРНАТИВНАЯ ОТВЕТСТВЕННОСТЬ | |
| Начальный элемент ввода | Малышенко |
| Часть имени, кроме начального элемента ввода | С. П. |
| Расширение инициалов личного имени | Станислав Петрович |
| 942 ## - ДОПОЛНИТЕЛЬНЫЕ ЭЛЕМЕНТЫ ЗАПИСИ (АБИС) | |
| Тип экземпляра АБИС | Книга |
| 980 ## - КОЛЛЕКЦИЯ | |
| Название коллекции | НБР |
| 980 ## - КОЛЛЕКЦИЯ | |
| Название коллекции | Национальная библиография |
Нет доступных экземпляров.